Evaluación de fotocatalizadores de dióxido de titanio sensibilizados en la reducción de dióxido de carbono en medio acuoso

Gespeichert in:
Bibliographische Detailangaben
1. Verfasser: Rojas Sánchez, Carlos Enrique
Format: Buch
Sprache:Spanish
Veröffentlicht: San José, Costa Rica 2017
Schlagworte:
Tags: Tag hinzufügen
Keine Tags, Fügen Sie den ersten Tag hinzu!

MARC

LEADER 00000nam a22000007a 4500
003 012602
005 20221231144215.0
008 170525b2017 cr a|||| m||| 00| ||spa d
040 |c cru CEDI 
090 |a TFG 7753 
100 |9 8568  |a Rojas Sánchez, Carlos Enrique 
245 |a Evaluación de fotocatalizadores de dióxido de titanio sensibilizados en la reducción de dióxido de carbono en medio acuoso  
260 |a  San José, Costa Rica  |c 2017 
300 |a xix, 135 hojas; ilustraciones a color 
500 |a Proyecto de graduación (licenciatura en ingeniería química)--Universidad de Costa Rica. Facultad de Ingeniería. Escuela de Ingeniería Química 
650 |x DIOXIDO DE TITANIO  |x FOTOCATALISIS  |x DIOXIDO DE CARBONO  |9 8569 
942 |c TFG 
999 |c 18448  |d 18448